[Event "CAN-ch U12 Girls"]
[Site "Ottawa"]
[Date "2007.07.05"]
[Round "5"]
[White "Green, Leah"]
[Black "Mongenais, Valerie"]
[Result "0-1"]
[WhiteElo "1448"]
[BlackElo "1241"]
[PlyCount "144"]
[EventDate "2007.07.03"]
[EventType "tourn"]
[EventRounds "7"]
[EventCountry "CAN"]
[SourceTitle "EXT 2022"]
[Source "ChessBase"]
[SourceDate "2021.10.06"]
[SourceVersion "1"]
[SourceVersionDate "2021.10.06"]
[SourceQuality "1"]

1. e4 e5 2. g3 Nf6 3. Bg2 Nc6 4. Nc3 Bc5 5. d3 h6 6. Bh3 d6 7. Qe2 Bxh3 8. Nxh3 0-0 9. Be3 Re8 10. g4 Bxe3 11. fxe3 d5 12. Qg2 dxe4 13. dxe4 Nb4 14. Rg1 Nd7 15. g5 hxg5 16. Nxg5 Qf6 17. 0-0-0 Rad8 18. a3 Nc6 19. Nd5 Qg6 20. Nxc7 Re7 21. Nd5 Ree8 22. Rdf1 Ne7 23. Rxf7 Nxd5 24. exd5 Nf6 25. c4 a6 26. b4 b5 27. cxb5 axb5 28. Rd1 Ra8 29. d6 Red8 30. h4 Rxa3 31. Rxg7+ Qxg7 32. Kb2 Ra6 33. d7 Ra7 34. Qc6 Raxd7 35. Qe6+ Kh8 36. Rxd7 Rxd7 37. Qxe5 Nd5 38. Qxg7+ Kxg7 39. Ne6+ Kf7 40. Ng5+ Kg6 41. Ne6 Rf7 42. Kb3 Nxe3 43. Ng5 Rf5 44. Nh3 Nd5 45. Kb2 Nxb4 46. Ng5 Rf4 47. Ne6 Rxh4 48. Nf8+ Kf7 49. Nd7 Rh3 50. Ne5+ Ke6 51. Ng6 Kd6 52. Nf4 Rg3 53. Nh5 Rf3 54. Ka1 Rf2 55. Ng3 Kd5 56. Nh5 Kc4 57. Ng3 Kb3 58. Kb1 Rg2 59. Kc1 Rxg3 60. Kd2 Kc4 61. Ke2 Kd4 62. Kf2 Rb3 63. Kg2 Ke4 64. Kh2 Kf4 65. Kg2 Ra3 66. Kf2 Ra2+ 67. Ke1 Ke3 68. Kd1 Rh2 69. Kc1 Kd3 70. Kb1 Kc3 71. Ka1 Kb3 72. Kb1 Rh1# 0-1